01320aam a2200337 i 4500001001000000003001000010005001700020007000300037008004100040020001500081040004800096041001300144082002400157100002900181240003700210245009200247264004200339264001200381300002700393336002700420337003300447338002800480505023500508563001400743653001600757700003600773942000700809945001200816952013700828999001700965768714001CO-MdFUSB20211216102459.0ta211216t1975 sp |||| |||| 00| 0 spa d a847228171x bspa.aCO-MdFUSBcCO-MdFUSBdCO-MdFUSBCerda aspaheng04a269.24 223bP4811d1 aPeters, George W.eautor aFocus on Timor Indonesia revival13aEl despertamiento en Indonesia c/ George W. Peters ; traducido por Samuel Vila Ventura 1aBarcelona, España : bClie,c[1975] 4c© 1975 a140 páginasc; 18 cm atextobtxt2rdacontent 2rdamediaasin mediaciónbn 2rdacarrieravolumenbnc aLa historia del despertamiento. -- Antecedentes históricos del despertamiento. -- El diseño señalado para el despertamiento. -- El fenómeno de los milagros durante el despertamiento. -- Fruto permanente del despertamiento. aRústico aAvivamiento 92027aVila, Samuel, etraductor cBK aJTF-925 00102ddc40708GENaFUSBCbFUSBCd2021-12-16l0oG 269.24 P4811d p6713r2019-12-12 00:00:00tEj. 1w2016-01-26yBKB0k2IINV2023 c38451d38451